| 000 | 00690nam a2200277Ia 4500 | ||
|---|---|---|---|
| 005 | 20260324145107.0 | ||
| 008 | 008 260324s9999 xx 000 0 eng d | ||
| 020 | _a9781315744711 | ||
| 037 | _aEBOOK | ||
| 040 | _aCRL | ||
| 040 | _beng | ||
| 040 | _cCRL | ||
| 041 | _2eng | ||
| 041 | _aeng | ||
| 084 | _qCRL | ||
| 100 |
_aAtif Kubursi _91221728 |
||
| 245 | 0 | _aOil, Industrialization & Development in the Arab Gulf States (RLE Economy of Middle East) | |
| 260 | _bTaylor and Francis | ||
| 260 | _c1984 | ||
| 365 | _a | ||
| 365 | _b180 | ||
| 856 | _uhttp://www.taylorfrancis.com/books/9781315744711 | ||
| 942 | _cEBOOK | ||
| 999 |
_c1829162 _d1829162 |
||